000 00468nam a2200145Ia 4500
008 151213s9999 xx 000 0 und d
100 _aপপি চেীধুরী।
245 _aমুক্তি
_cপপি চেীধুরী।
260 _aঢাকা
_bপ্রিতম প্রর্কাশ।
_c2007
300 _a8720 p.
650 _aBangla
650 _aউপন্যাস
700 _aপপি চেীধুরী।
999 _c4506
_d4506